Diccionario histórico de Chile
Shranjeno v:
| Main Authors: | , , , |
|---|---|
| Format: | Knjiga |
| Jezik: | španščina |
| Izdano: |
Santiago
Del Pacífico
1980
|
| Izdaja: | 6a. ed |
| Teme: | |
| Oznake: |
Označite
Brez oznak, prvi označite!
|
MARC
| LEADER | 00000nam a2200000 a 4500 | ||
|---|---|---|---|
| 001 | UCS7921 | ||
| 003 | CL-VaPUC | ||
| 008 | 971024e19800400CL |||||||||||||||||spa|d | ||
| 082 | 0 | 4 | |a 983.03 |b FUE |2 21 |
| 100 | 0 | |a Fuentes, Jordi |e author |9 392883 | |
| 700 | 0 | |a Cortés, Lía |e author |9 392884 | |
| 700 | 0 | |a Castillo I., Fernando |e author |9 392885 | |
| 700 | 0 | |a Valdés Ph, Arturo |e author |9 392886 | |
| 245 | 1 | 0 | |a Diccionario histórico de Chile |
| 250 | |a 6a. ed | ||
| 300 | |a 669 p | ||
| 942 | |c BK | ||
| 945 | |d 19971024 00:00:00 |a lriquelm | ||
| 260 | |a Santiago |b Del Pacífico |c 1980 | ||
| 650 | 0 | |a Historia |9 255047 | |
| 650 | 0 | |a Diccionarios |9 256200 | |
| 650 | 0 | |a Glosarios |9 261047 | |
| 651 | 7 | |a CHILE |2 CL-VaPUC |9 392887 | |
| 583 | |a last modification |c 19971024 00:00:00 |k Rodrigo Vera | ||
| 999 | |c 262664 |d 262662 | ||
| 952 | |0 0 |1 0 |4 0 |6 983_030000000000000_FUE_1980 |7 0 |8 DER_HDC |9 291396 |a BIBDER |b BIBDER |d 2019-11-19 |i 1894005 |o 983.03 FUE 1980 |p 1894005 |r 2023-01-25 |w 2019-11-19 |x Ubicación 4to Piso |y BK |z Estos recursos deben solicitarse con anticipación |k DER | ||